Представление документа в формате MARC21

Поле Инд. ПП Название Значение
Тип записи a
Библиографический уровень m
001 Контрольный номер RU/LIBMSTU/282235433
005 Дата корректировки 20200413132319.0
008 Кодируемые данные 081219|||||||||ru |||||||||||000|||rus||
020 a ISBN 978-5-392-00027-2
c Цена, тираж 210-00
040 b Код языка каталог. rus
041 0_ a Код языка текста rus
084 a Индекс другой классификации/Индекс ББК 65.052.23
090 a Полочн. индекс 65.052.2
x Авторский знак П 66
100 1_ a Автор Пошерстник Н. В.
203 a Вид содержания Текст
245 10 a Заглавие Бухгалтерский учет на современном предприятии
b Продолж. заглавия учеб.-практ. пособие
260 a Место издания Москва
b Издательство Проспект
c Дата издания 2008
300 a Объем 548 с.
650 04 a Основная рубрика Бухгалтерский учет на предприятиях-Учебные издания для высших учебных заведений
653 0_ a Ключевые слова Предприятия
653 1_ a Ключевые слова Бухгалтерский учет на предприятии
653 1_ a Ключевые слова Учет труда
653 1_ a Ключевые слова Денежные средства
653 1_ a Ключевые слова Финансовые вложения
653 1_ a Ключевые слова Учетная политика
901 t Тип документа m